|
|
|
|
| LEADER |
02267nam a2200445 4500 |
| 001 |
ocn647685802 |
| 003 |
OCoLC |
| 005 |
20180501121929.0 |
| 006 |
m o d |
| 007 |
cr cn||||||||| |
| 008 |
750513s2008 nyua ob 001 0 eng d |
| 040 |
|
|
|a E7B
|b eng
|e pn
|c E7B
|d OCLCQ
|d UBY
|d OCLCQ
|d OPELS
|d OCLCQ
|d OCLCF
|d OCLCQ
|d OCLCA
|d GrThAP
|
| 019 |
|
|
|a 505138115
|
| 020 |
|
|
|a 0123739780
|q (electronic bk.)
|
| 020 |
|
|
|a 9780123739780
|q (electronic bk.)
|
| 035 |
|
|
|a (OCoLC)647685802
|z (OCoLC)505138115
|
| 050 |
|
4 |
|a QD411
|b .A35 2008eb
|
| 082 |
0 |
4 |
|a 547/.05
|2 23
|
| 049 |
|
|
|a TEFA
|
| 245 |
0 |
0 |
|a Advances in organometallic chemistry.
|n Volume 55 /
|c edited by Robert West, Anthony F. Hill, Mark J. Fink.
|
| 246 |
3 |
0 |
|a Organometallic chemistry
|
| 260 |
|
|
|a New York :
|b Academic Press,
|c 2008.
|
| 300 |
|
|
|a 1 online resource (ix, 329 pages) :
|b diagrams, tables.
|
| 336 |
|
|
|a text
|b txt
|2 rdacontent
|
| 337 |
|
|
|a computer
|b c
|2 rdamedia
|
| 338 |
|
|
|a online resource
|b cr
|2 rdacarrier
|
| 490 |
1 |
|
|a Advances in organometallic chemistry ;
|v v. 55
|
| 504 |
|
|
|a Includes bibliographical references and index.
|
| 588 |
0 |
|
|a Print version record.
|
| 520 |
|
|
|a Almost all branches of chemistry and material science now interface with organometallic chemistry - the study of compounds containing carbon-metal bonds. This widely acclaimed serial contains authoritative reviews that address all aspects of organometallic chemistry, a field which has expanded enormously since the publication of Volume 1 in 1964. * Provides an authoritative, definitive review addressing all aspects of organometallic chemistry * Useful to researchers within this active field and is a must for every modern library of chemistry * High quality research book within this rapidly developing field.
|
| 650 |
|
0 |
|a Organometallic compounds.
|
| 650 |
|
0 |
|a Organic compounds.
|
| 650 |
|
7 |
|a Organic compounds.
|2 fast
|0 (OCoLC)fst01047641
|
| 650 |
|
7 |
|a Organometallic compounds.
|2 fast
|0 (OCoLC)fst01047971
|
| 655 |
|
4 |
|a Electronic books.
|
| 700 |
1 |
|
|a West, Robert,
|d 1928-
|
| 700 |
1 |
|
|a Hill, Anthony F.
|
| 700 |
1 |
|
|a Fink, Mark J.
|
| 830 |
|
0 |
|a Advances in organometallic chemistry ;
|v v. 55.
|
| 856 |
4 |
0 |
|u https://www.sciencedirect.com/science/bookseries/00653055/55
|z Full Text via HEAL-Link
|